Größte Länder neben dem Indischen Ozean - Statistiken

Allgemein
  • Dieses Quiz wurde 219 mal gespielt
  • Das Durchschnittsergebnis liegt bei 8 aus 10
Antwortstatistiken
km2 Land % Korrekt
3 287 263 Indien
100%
1 910 931 Indonesien
89%
2 149 690 Saudi-Arabien
89%
881 912 Pakistan
88%
7 692,024 Australien
85%
1 648 195 Iran
85%
945 087 Tansania
64%
1 221 037 Südafrika
60%
1 002 450 Ägypten
57%
1 886 068 Sudan
54%
Keine übereinstimmenden Quizze gefunden
Verteilung der Resultate
Anzahl Personen mit jedem Resultat
Perzentil nach korrekt beantworteten Fragen
Ihre Resultats-Entwicklung
Sie haben dieses Quiz noch nicht gespielt